Diversidad cultural y mundialización
Αποθηκεύτηκε σε:
| Κύριος συγγραφέας: | |
|---|---|
| Μορφή: | Βιβλίο |
| Γλώσσα: | Ισπανικά |
| Έκδοση: |
Barcelona
Paidós Ibérica
2006
|
| Έκδοση: | 1a. ed |
| Σειρά: | Paidós Comunicación, 168
|
| Θέματα: | |
| Ετικέτες: |
Προσθήκη ετικέτας
Δεν υπάρχουν, Καταχωρήστε ετικέτα πρώτοι!
|
MARC
| LEADER | 00000nam a2200000 a 4500 | ||
|---|---|---|---|
| 001 | UCJ8905 | ||
| 003 | CL-VaPUC | ||
| 008 | 070126e20060000SP |||||||||||||||||spa|d | ||
| 020 | |a 8449318351 | ||
| 082 | 0 | 4 | |a 306.4 |b MAT |2 21 |
| 100 | |a Mattelart, Armand |e autor |9 600350 | ||
| 245 | 1 | 0 | |a Diversidad cultural y mundialización |
| 250 | |a 1a. ed | ||
| 300 | |a 177 p | ||
| 942 | |c BK | ||
| 945 | |d 20070126 00:00:00 |a cmena | ||
| 260 | |a Barcelona |b Paidós Ibérica |c 2006 | ||
| 650 | 0 | |a Cambio social |9 256857 | |
| 650 | 0 | |a Diversidad cultural |9 473079 | |
| 650 | 0 | |a Globalización |9 361930 | |
| 583 | |a last modification |c 20070126 00:00:00 |k Rodrigo Vera | ||
| 490 | 0 | |a Paidós Comunicación, 168 | |
| 999 | |c 324550 |d 324548 | ||
| 952 | |0 0 |1 0 |4 0 |6 306_400000000000000_MAT_2006 |7 0 |8 A |9 404809 |a BIBEDU |b BIBEDU |d 2019-11-22 |i 4321367 |o 306.4 MAT 2006 |p 4321367 |r 2019-11-22 |w 2019-11-22 |y BK |k PSI | ||